El Príncipe: el arte del poder

Uloženo v:
Podrobná bibliografie
Hlavní autor: Maquiavelo, Nicolás (autor)
Médium: Kniha
Jazyk:španělština
Vydáno: Colonia Taschen 2007
Témata:
Tagy: Přidat tag
Žádné tagy, Buďte první, kdo vytvoří štítek k tomuto záznamu!

MARC

LEADER 00000nam a2200000 a 4500
001 UCI6575
003 CL-VaPUC
008 080516e20070000GW |||||||||||||||||spa|d
020 |a 9783836500685 
082 0 4 |a 320.01  |b MAQ  |2 21 
100 |a Maquiavelo, Nicolás  |e autor  |9 498654 
245 1 3 |a El Príncipe: el arte del poder 
300 |a 272 p 
942 |c BK 
945 |d 20080516 00:00:00  |a rbrito 
260 |a Colonia  |b Taschen  |c 2007 
650 7 |a FILOSOFIA POLITICA  |2 CL-VaPUC  |9 529499 
650 0 |a Etica política   |9 255799 
650 0 |a Ciencias Políticas  |9 255201 
650 0 |a Política  |9 255312 
583 |a last modification  |c 20080516 00:00:00  |k Rodrigo Vera 
999 |c 330040  |d 330038 
952 |0 0  |1 0  |4 0  |6 320_010000000000000_MAQ_2007  |7 0  |8 A  |9 415320  |a BIBHIS  |b BIBHIS  |d 2019-11-22  |i 4439651  |o 320.01 MAQ 2007  |p 4439651  |r 2025-01-20  |w 2019-11-22  |y BK  |k HIS